000 00790 a2200253 4500
005 20260317123606.0
008 260317b |||||||| |||| 00| 0 eng d
020 _a9789366918433 (hbk)
037 _cTB
040 _aCRL
_cCRL
041 _2URD
_aURD
084 _aO142,3M68,MA 168R5
_bCRL
100 _aGorkey, Maxim
_91115218
245 _aMaan
260 _aDelhi, India:
_bArshia Publications,
_c2025.
300 _a472p.
365 _b650.00
_cINR
546 _aTranslated from Russian to Urdu
650 _aRussian Literature
650 _aRussian Fiction
700 _aAnsari, Zoe
_eTranslator
_91132311
942 _cTB
_2CC
_hO142,3M68,MA 168R5
999 _c1679315
_d1679315